000 01486nam a2200421 c 4500
001 53487
003 ES-MaCES
005 20250203133124.0
008 241216s2024 sp ||| ||spa d
017 _aNA 15090-2024
_bDL
020 _a9788410295261
040 _aES-MaCES
_bspa
_cES-MaCES
100 1 _939068
_aRivera Sánchez, Juan Ramón
245 1 3 _aEl ingreso mínimo vital en concurrencia con otras rentas e ingresos
_cJuan Ramón Rivera Sánchez ; pr., Ángel Blasco Pellicer, Antonio V. Sempere Navarro
250 _a1ª ed
260 _aCizur Menor (Navarra)
_bThomson Reuters-Aranzadi
_c2024
300 _a163 p.
_c24 cm
490 1 _a Aranzadi Derecho laboral
_v1596
504 _aBibliografía: p. 157-163
541 _cCompra
650 4 _aingreso garantizado
_929342
650 4 _aasistencia social
_929003
650 4 _aredistribución del ingreso
_927110
650 4 _aprotección social
_929076
650 4 _apolítica social
_927029
650 4 _aadministración de la seguridad social
_930264
650 4 _apobreza
_927112
650 4 _aexclusión social
_930629
650 4 _aEspaña
_926964
650 4 _alegislación de seguridad social
_929855
650 4 _arégimen jurídico
_929894
653 1 0 _aSeguridad Social
700 1 _97896
_aBlasco Pellicer, Ángel
_ecol.
700 1 _923834
_aSempere Navarro, Antonio Vicente
_ecol.
830 0 _aAranzadi Derecho laboral
_939476
_v1596
902 _aLIB Libro
942 _2CES
_cBK
_h3.0.
999 _c53487
_d53487